000 00283nam a22001337a 4500
008 170530b xxu||||| |||| 00| 0 eng d
020 _a0801827418
041 _aeng
080 _a93
100 _a17
101 _aSHH
245 _aTROPICS OF DICOURSE
_cWHITE, H
942 _2udc
_cBK
999 _c15018
_d15018